LIBRARY & INFORMATION CENTRE, KCAET, TAVANUR

ONLINE PUBLIC ACCESS CATALOGUE (OPAC)

Ham vishpayi janam ke / (Record no. 11918)

MARC details
000 -LEADER
fixed length control field 00458cam a2200181ua 4500
041 ## - LANGUAGE CODE
Language code of text/sound track or separate title hin
082 ## - DEWEY DECIMAL CLASSIFICATION NUMBER
Classification number 891.43
Item number BAL/HA
100 ## - MAIN ENTRY--AUTHOR NAME
Personal name Balakrishna Sharma, Navin .
245 ## - TITLE STATEMENT
Title Ham vishpayi janam ke /
250 ## - EDITION STATEMENT
Edition statement 1 /
260 ## - PUBLICATION, DISTRIBUTION, ETC. (IMPRINT)
Place of publication Kashi :
Name of publisher Bharatiya Jnanpeeth ,
Year of publication 1964.
300 ## - PHYSICAL DESCRIPTION
Number of Pages 645 ; .
942 ## - ADDED ENTRY ELEMENTS (KOHA)
Koha item type Books
Holdings
Withdrawn status Lost status Damaged status Home library Current library Date acquired Full call number Accession Number Koha item type Public note
Withdrawn     KAUAET Sanskrit University 07/04/2012 891.43 7209 Books Transferred to Sanskrit University
free website counter